ბათუმის შოთა რუსთაველის სახელმწიფო უნივერსიტეტის ბიბლიოთეკა

როგორ ვასწავლოთ კითხვა : (ბიბ.ჩანაწერი № 51507)

000 -ლიდერი
ფიქსირებული სიგრძის საკონტროლო ველი 01920nam a2200289Ia 4500
001 - საკონტროლო ნომერი
საკონტროლო ველი 18496
003 - საკონტროლო ნომრის იდენტიფიკატორი
საკონტროლო ველი GE_BSU
005 - ბოლო ოპერაციის თარიღი და დრო
საკონტროლო ველი 20250513152107.0
008 - ფიქსირებული სიგრძის მონაცემთა ელემენტები - ზოგადი ინფორმაცია
ფიქსირებული სიგრძის საკონტროლო ველი 181216s2010||||ge |||||||||||||| ||geo||
020 ## - წიგნის საერთაშორისო სტანდარტული ნომერი
International Standard Book Number 9789941030710
040 ## - კატალოგიზაციის წყარო
Transcribing agency GE_BSU
041 ## - ენის კოდი
Language code of text/sound track or separate title geo
080 ## - უნივერსალური ათობითი კლასიფიკაციის ინდექსი
Universal Decimal Classification number 37.016:003-028.31 რ-72
245 ## - ცნობა სათაურის შესახებ
Title როგორ ვასწავლოთ კითხვა :
Remainder of title დაწყებითი კლასების პედაგოგებისთვის ქრესტომათია /
Statement of responsibility, etc პროექტის ავტ., რედ. ია კუტალაძე ; სარედ. კოლ.: ნათელა იმედაძე, დალი ფარჯანაძე, მარიამ მირიანაშვილი, ენობრ. რედ. თეა დულარიძე ; საქ. განათლ. სამინ., გამოცდების ეროვნ. ცენტრი.
264 ## - წარმოების, გამოცემის, დისტრიბუციის და სხვა ცნობები
გამოცემის, წარმოების, დისტრიბუციის... ადგილი თბილისი,
გამოცემის, წარმოების, დისტრიბუციის... თარიღი 2010.
300 ## - ფიზიკური აღწერა
Extent 220 გვ. :
Other physical details ილ.;
Dimensions 29 სმ.
300 ## - ფიზიკური აღწერა
Accompanying material სახელთა საძიებელი:გვ.218-220
653 ## - INDEX TERM--UNCONTROLLED
Uncontrolled term კითხვის სწავლება დაწყებით კლასებში
653 ## - INDEX TERM--UNCONTROLLED
Uncontrolled term პედაგოგიკა
700 ## - ADDED ENTRY--PERSONAL NAME
Personal name კუტალაძე, ია
Relator term პროექტის ავტ.
9 (RLIN) 13573
700 ## - ADDED ENTRY--PERSONAL NAME
Personal name იმედაძე, ნათელა
Relator term რედაქტორი
9 (RLIN) 2596
700 ## - ADDED ENTRY--PERSONAL NAME
Personal name ფარჯანაძე, დალი
Relator term რედაქტორი
9 (RLIN) 13167
700 ## - ADDED ENTRY--PERSONAL NAME
Personal name მირიანაშვილი, მარიამ
Relator term რედაქტორი
9 (RLIN) 3277
700 ## - ADDED ENTRY--PERSONAL NAME
Personal name დულარიძე, თეა
Relator term რედაქტორი
9 (RLIN) 17018
710 ## - ADDED ENTRY--CORPORATE NAME
Corporate name or jurisdiction name as entry element საქ. განათლ. სამინ. გამოცდების ეროვნ. ცენტრი.
9 (RLIN) 25037
942 ## - ADDED ENTRY ELEMENTS (KOHA)
Koha item type წიგნი
Source of classification or shelving scheme
ეგზემპლარები
ჩამოწერის სტატუსი დაკარგული ეგზემპლარის სტატუსი კლასიფიკაციის წყარო ან თაროზე გაწყობის სქემა დაზიანების სტატუსი არ გაიცემა მუდმივი მდებარეობა (დაცვის ადგილი) ამჟამინდელი ადგილსამყოფელი თაროზე განთავსების ადგილი შეძენის თარიღი ღირებულება, შესყიდვის ნორმალური ფასი სრული შენახვის შიფრი შტრიხკოდი ბოლო ოპერაციის თარიღი ეგზემპლარის მიმდევრობითი ნომერი (კეტერი?) ფასის ძალაში შესვლის თარიღი ეგზემპლარის სახეობა საჯარო შენიშვნა
          ბათუმის შოთა რუსთაველის სახელმწიფო უნივერსიტეტის მთავარი ბიბლიოთეკა ბათუმის შოთა რუსთაველის სახელმწიფო უნივერსიტეტის მთავარი ბიბლიოთეკა წიგნსაცავი 2018-12-17 9.20 37.016:003-028.31 რ-72 47449 2018-12-17 47449 2018-12-17 წიგნი 9 ლ. 20 თ.
          ბათუმის შოთა რუსთაველის სახელმწიფო უნივერსიტეტის მთავარი ბიბლიოთეკა ბათუმის შოთა რუსთაველის სახელმწიფო უნივერსიტეტის მთავარი ბიბლიოთეკა წიგნსაცავი 2018-12-17 9.20 37.016:003-028.31 რ-72 47450 2018-12-17 47450 2018-12-17 წიგნი 9 ლ. 20 თ.
          ბათუმის შოთა რუსთაველის სახელმწიფო უნივერსიტეტის მთავარი ბიბლიოთეკა ბათუმის შოთა რუსთაველის სახელმწიფო უნივერსიტეტის მთავარი ბიბლიოთეკა წიგნსაცავი 2018-12-17 9.20 37.016:003-028.31 რ-72 47451 2018-12-17 47451 2018-12-17 წიგნი 9 ლ. 20 თ.
          ბათუმის შოთა რუსთაველის სახელმწიფო უნივერსიტეტის მთავარი ბიბლიოთეკა ბათუმის შოთა რუსთაველის სახელმწიფო უნივერსიტეტის მთავარი ბიბლიოთეკა წიგნსაცავი 2018-12-17 9.20 37.016:003-028.31 რ-72 47452 2018-12-17 47452 2018-12-17 წიგნი 9 ლ. 20 თ.
          ბათუმის შოთა რუსთაველის სახელმწიფო უნივერსიტეტის მთავარი ბიბლიოთეკა ბათუმის შოთა რუსთაველის სახელმწიფო უნივერსიტეტის მთავარი ბიბლიოთეკა წიგნსაცავი 2018-12-17 9.20 37.016:003-028.31 რ-72 47453 2018-12-17 47453 2018-12-17 წიგნი 9 ლ. 20 თ.
          ბათუმის შოთა რუსთაველის სახელმწიფო უნივერსიტეტის მთავარი ბიბლიოთეკა ბათუმის შოთა რუსთაველის სახელმწიფო უნივერსიტეტის მთავარი ბიბლიოთეკა წიგნსაცავი 2018-12-17 9.20 37.016:003-028.31 რ-72 47454 2018-12-17 47454 2018-12-17 წიგნი 9 ლ. 20 თ.
          ბათუმის შოთა რუსთაველის სახელმწიფო უნივერსიტეტის მთავარი ბიბლიოთეკა ბათუმის შოთა რუსთაველის სახელმწიფო უნივერსიტეტის მთავარი ბიბლიოთეკა წიგნსაცავი 2018-12-17 9.20 37.016:003-028.31 რ-72 47455 2018-12-17 47455 2018-12-17 წიგნი 9 ლ. 20 თ.
          ბათუმის შოთა რუსთაველის სახელმწიფო უნივერსიტეტის მთავარი ბიბლიოთეკა ბათუმის შოთა რუსთაველის სახელმწიფო უნივერსიტეტის მთავარი ბიბლიოთეკა წიგნსაცავი 2018-12-17 9.20 37.016:003-028.31 რ-72 47456 2018-12-17 47456 2018-12-17 წიგნი 9 ლ. 20 თ.
          ბათუმის შოთა რუსთაველის სახელმწიფო უნივერსიტეტის მთავარი ბიბლიოთეკა ბათუმის შოთა რუსთაველის სახელმწიფო უნივერსიტეტის მთავარი ბიბლიოთეკა წიგნსაცავი 2018-12-17 9.20 37.016:003-028.31 რ-72 47457 2018-12-17 47457 2018-12-17 წიგნი 9 ლ. 20 თ.
          ბათუმის შოთა რუსთაველის სახელმწიფო უნივერსიტეტის მთავარი ბიბლიოთეკა ბათუმის შოთა რუსთაველის სახელმწიფო უნივერსიტეტის მთავარი ბიბლიოთეკა წიგნსაცავი 2018-12-17 9.20 37.016:003-028.31 რ-72 47458 2018-12-17 47458 2018-12-17 წიგნი 9 ლ. 20 თ.